Normal view
MARC view
- 0253081
Entry Geographic Name
001 - CONTROL NUMBER
- control field: 7099
003 - CONTROL NUMBER IDENTIFIER
- control field: OSt
005 - DATE AND TIME OF LATEST TRANSACTION
- control field: 20170523111946.0
008 - FIXED-LENGTH DATA ELEMENTS
- fixed length control field: 170523|| aca||aabn | a|a d
040 ## - CATALOGING SOURCE
- Original cataloging agency: OSt
- Transcribing agency: OSt
151 ## - HEADING--GEOGRAPHIC NAME
- Geographic name: 0253081
670 ## - SOURCE DATA FOUND
- Source citation: Work cat.: (OSt)0: Janner, Greville, 1928- 7097, Janner on meetings /, Gower

PORTAL AKMAL
E-MEL JKDM
AKMAL2U
G-BAM
u-PUSTAKA